000 00755cam a2200193 i 4500
005 20260204094501.0
008 250721s2024 sy gr 000 0 ara d
020 _a978993321508
082 1 4 _a394.30935
_bد ع م
100 1 _aالدعمي، عبدالله ميثم فيصل
_eمؤلف.
245 1 2 _aالتسلية والترفيه في العراق القديم /
_cالمؤلف عبد الله ميثم فيصل الدعمي.
264 3 1 _aالقاهرة :
_bدار رسلان للطباعة والنشر والتوزيع،
_c2024.
300 _a280 صفحة.
650 1 7 _aتاريخ العراق القديم.
650 1 7 _aعادات اللعب.
650 1 7 _aالتسلية.
942 _2ddc
_cBK
999 _c146756
_d146756